| 000 | 01732 a2200445 4500 | ||
|---|---|---|---|
| 001 | 200130400 | ||
| 003 | TR-AnTOB | ||
| 005 | 20240730141747.0 | ||
| 008 | 130902s2013 tu 000 0 | ||
| 020 | _a9786054263127 | ||
| 040 |
_aTR-AnTOB _cTR-AnTOB |
||
| 041 | 1 |
_atur _heng |
|
| 050 | 0 |
_aPZ7.C6837 _b.C6419 2013 |
|
| 090 | _aPZ7.C6837 .C6419 2013 | ||
| 100 | 1 |
_aCollins, Suzanne _992777 |
|
| 245 | 1 | 0 |
_aAteşi yakalamak / _cSuzanne Collins ; İngilizce’den çeviren Sevinç Tezcan Yanar. |
| 246 | 1 | _aCatching fire. | |
| 250 | _a17. baskı | ||
| 264 | 1 |
_aİstanbul: _bPegasus Yayınları, _c2013 |
|
| 300 |
_a408 sayfa ; _c21 cm. |
||
| 336 |
_2rdacontent _atext _btxt |
||
| 337 |
_2rdamedia _aunmediated _bn |
||
| 338 |
_2rdacarrier _avolume _bnc |
||
| 490 | 0 |
_aPegasus Yayınları ; _v215 _aBestseller Roman ; _v54 |
|
| 500 | _aAçlık Oyunları'nın ikinci kitabı. | ||
| 520 | _aBy winning the annual Hunger Games, District 12 tributes Katniss Everdeen and Peeta Mellark have secured a life of safety and plenty for themselves and their families, but because they won by defying the rules, they unwittingly become the faces of an impending rebellion. | ||
| 650 | 1 |
_986772 _aBilim kurgu |
|
| 650 | 1 |
_aAyaklanma _vRoman _992785 |
|
| 650 | 1 |
_aInsurgency _vFiction _992784 |
|
| 650 | 7 |
_aKişilerarası ilişkiler _vRoman _2etuturkob _992782 |
|
| 650 | 1 |
_aTelevizyon programları _vRoman _992781 |
|
| 650 | 1 |
_aTelevision programs _vFiction _992778 |
|
| 650 | 1 |
_aInterpersonal relations _vFiction _960779 |
|
| 650 | 0 |
_aSurvival _vFiction _95616 |
|
| 650 | 1 |
_aScience fiction _986843 |
|
| 650 | 7 |
_aHayatta kalma _vRoman _2etuturkob _946909 |
|
| 700 |
_aYanar, Sevinç Tezcan _973922 |
||
| 942 |
_cBK _2lcc |
||
| 999 |
_c200130400 _d30907 |
||